Sports Quiz

Random Sports or Basketball Quiz

2010 NBA Slowest Paced Teams Quiz Stats

 Plays Quiz not verified by Sporcle

Score 0/30 Timer 04:00
0 Plays Today
Possessions per Game Team % Correct
103.5Golden State Warriors
80.7%
91.1Portland Trailblazers
66.7%
97.7Phoenix Suns
57.9%
97.3New York Knicks
56.1%
92.8Atlanta Hawks
54.4%
93.9Orlando Magic
54.4%
94.0Boston Celtics
54.4%
94.2New Jersey Nets
54.4%
95.5Los Angeles Lakers
50.9%
94.6San Antonio Spurs
49.1%
96.2Oklahoma City Thunder
49.1%
95.1Milwaukee Bucks
45.6%
95.2Los Angeles Clippers
45.6%
95.5Dallas Mavericks
45.6%
93.5Charlotte Bobcats
45.6%
Possessions per Game Team % Correct
96.7Chicago Bulls
45.6%
91.6Detroit Pistons
43.9%
92.9Miami Heat
43.9%
97.9Houston Rockets
43.9%
98.3Denver Nuggets
43.9%
99.1Minnesota Timberwolves
43.9%
99.7Indiana Pacers
43.9%
95.7New Orleans Hornets
42.1%
94.3Cleveland Cavaliers
42.1%
94.5Philadelphia 76ers
42.1%
96.7Utah Jazz
40.4%
97.5Memphis Grizzlies
40.4%
97.8Sacramento Kings
40.4%
96.2Toronto Raptors
36.8%
94.9Washington Wizards
35.1%

You're not logged in!

Compare scores with friends on all Sporcle quizzes.
OR
Log In

Show Comments

Extras

Top Quizzes Today


Score Distribution

Your Account Isn't Verified!

In order to create a playlist on Sporcle, you need to verify the email address you used during registration. Go to your Sporcle Settings to finish the process.

Report this User

Report this user for behavior that violates our Community Guidelines.

Details: